000 00535nam a2200217Ia 4500
003 OSt
005 20220928151926.0
006 a|||||r|||| 00| 0
007 ta
008 220927b |||||||| |||| 00| 0 eng d
024 _a132148
037 _cTextual
040 _aSDCL
_cSDCL
_beng
041 _2eng
_aeng
082 _aE9G,963:3, M3
100 _aGorog S
_9518488
245 0 _aQuantitative analysis of steroids.
260 _c1983
942 _hE9G,963:3, M3
_cTEXL
_2CC
999 _c853389
_d853389